|
|
|
|
| LEADER |
00000nam a2200000 a 4500 |
| 001 |
vtls001378985 |
| 003 |
SK-MaSNL |
| 005 |
20260224023051.0 |
| 008 |
210928s1985 xx 0 und |
| 035 |
|
|
|a SNK000332954
|
| 040 |
|
|
|a SNK
|b slo
|c SNK
|e AACR2
|
| 245 |
1 |
|
|a ČSN 64 3041 Rúry a tvarovky z polyetylénu
|b zmena a-11/1985
|
| 260 |
|
|
|a Praha
|b ÚNM
|c 1985
|
| 300 |
|
|
|a [4], 23 s.
|
| 958 |
|
|
|a OND
|
| 999 |
|
|
|c 809018
|d 810948
|
| 952 |
|
|
|t P60, <04>, [BOOK], {604}
|a SNK
|b SNK
|y VYP
|7 0
|p 17A0220839
|o snkČSN 64 3041
|0 0
|1 0
|4 0
|d 1999-12-08
|l 0
|r 2005-01-02 00:00:00
|w 2026-02-24
|
| 952 |
|
|
|t P60, <04>, [BOOK], {604}
|a SNK
|b SNK
|y VYP
|7 0
|p 17A0220994
|o snkČSN 64 3041/zmena a
|0 0
|1 0
|4 0
|d 1999-12-08
|l 0
|r 2005-01-02 00:00:00
|w 2026-02-24
|